Bibliografía de arquitectura, ingeniería y urbanismo en España (Record no. 34453)

MARC details
000 -LEADER
campo de control de longitud fija 01279nam a2200313 i 4500
001 - NÚMERO DE CONTROL
campo de control 34453
003 - IDENTIFICADOR DE NÚMERO DE CONTROL
campo de control ES-MaACL
005 - FECHA Y HORA DE LA ÚLTIMA TRANSACCIÓN
campo de control 20230906154933.0
007 - CAMPO FIJO DE DESCRIPCIÓN FÍSICA--INFORMACIÓN GENERAL
campo de control de longitud fija t|
008 - DATOS DE LONGITUD FIJA--INFORMACIÓN GENERAL
campo de control de longitud fija 030207s1980 sp af b |||| | spa d
020 ## - NÚMERO INTERNACIONAL ESTÁNDAR DEL LIBRO
Número Internacional Estándar del Libro 84-7506-012-9
080 ## - NÚMERO DE LA CLASIFICACIÓN DECIMAL UNIVERSAL
Número de la Clasificación Decimal Universal 016:72
080 ## - NÚMERO DE LA CLASIFICACIÓN DECIMAL UNIVERSAL
Número de la Clasificación Decimal Universal 016:62
080 ## - NÚMERO DE LA CLASIFICACIÓN DECIMAL UNIVERSAL
Número de la Clasificación Decimal Universal 016:711
100 1# - ENTRADA PRINCIPAL--NOMBRE DE PERSONA
Nombre de persona Bonet Correa, Antonio.
9 (RLIN) 30126
245 10 - MENCIÓN DEL TÍTULO
Título Bibliografía de arquitectura, ingeniería y urbanismo en España
Resto del título : (1498-1880) /
Mención de responsabilidad, etc. Antonio Bonet Correa, director ; José Enrique García Melero, Sofía Diéguez Patao y Soledad Lorenzo Forniés.
260 ## - PUBLICACIÓN, DISTRIBUCIÓN, ETC.
Lugar de publicación, distribución, etc. Madrid :
Nombre del editor, distribuidor, etc. Turner,
Fecha de publicación, distribución, etc. [1980]
300 ## - DESCRIPCIÓN FÍSICA
Extensión 2 v. (XVI, 595 p.) :
Otras características físicas il., grab. ;
Dimensiones 25 cm.
500 ## - NOTA GENERAL
Nota general Índices.
595 ## -
-- "La ed. de este libro ha sido posible gracias a la colaboración del Consejo Superior de los Colegios de Arquitectos de España"
650 #4 - PUNTO DE ACCESO ADICIONAL DE MATERIA--TÉRMINO DE MATERIA
Término de materia o nombre geográfico como elemento de entrada Arquitectura-
Subdivisión de forma Bibliografías.
9 (RLIN) 144221
650 #4 - PUNTO DE ACCESO ADICIONAL DE MATERIA--TÉRMINO DE MATERIA
Término de materia o nombre geográfico como elemento de entrada Ingeniería-
Subdivisión de forma Bibliografías.
9 (RLIN) 144222
650 #4 - PUNTO DE ACCESO ADICIONAL DE MATERIA--TÉRMINO DE MATERIA
Término de materia o nombre geográfico como elemento de entrada Urbanismo-
Subdivisión de forma Bibliografías.
9 (RLIN) 144223
700 1# - ENTRADA AGREGADA--NOMBRE PERSONAL
Nombre de persona García Melero, José Enrique.
9 (RLIN) 54931
700 1# - ENTRADA AGREGADA--NOMBRE PERSONAL
Nombre de persona Diéguez Patao, Sofía.
9 (RLIN) 44584
700 1# - ENTRADA AGREGADA--NOMBRE PERSONAL
Nombre de persona Lorenzo Forniés, Soledad.
9 (RLIN) 74185
710 2# - ENTRADA AGREGADA--NOMBRE DE ENTIDAD CORPORATIVA
Nombre de entidad corporativa o nombre de jurisdicción como elemento de entrada Consejo Superior de los Colegios de Arquitectos de España.
9 (RLIN) 144220
852 ## - LOCALIZACIÓN
Ubicación ES-MaACL
Número de control de estantería L-6887-88
Nota libre - Enc. tela gris
Holdings
Estatus retirado Estado de pérdida Estado de daño No para préstamo Biblioteca de origen Biblioteca actual Ubicación en estantería Fecha de adquisición Fuente de adquisición Total de préstamos Signatura topográfica completa Código de barras Visto por última vez Precio de reemplazo Tipo de ítem Koha
        Biblioteca del Ateneo de Madrid Biblioteca del Ateneo de Madrid Depósito 2 17/01/2008     L-6887-88 1035939 23/02/2023 23/02/2023 Libro impreso